| 000 | 00850nam a2200241 i 4500 | ||
|---|---|---|---|
| 001 | bg | ||
| 245 | 0 | 0 |
_aMateriały do ćwiczeń z łąkarstwa / _c[aut. Barbara Rutkowska et al.] ; Szkoła Główna Gospodarstwa Wiejskiego w Warszawie. |
| 250 | _aWyd. 3 popr. i uzup. | ||
| 260 |
_aWarszawa : _bWydaw. SGGW, _c1997 _e(Warsz. : _fSGGW). |
||
| 300 |
_a145, [2] s. : _brys. ; _c24 cm. |
||
| 504 | _aBibliogr. s. [147]. - Indeks. | ||
| 521 | _aSkrypt dla studentów wydz. Rolniczego, Zootechnicznego, Ekonomiczno-Rolniczego oraz Techniki Rolniczej i Leśnej. | ||
| 650 | 9 | _aŁąki i pastwiska | |
| 655 | _aPodręczniki akademickie | ||
| 700 | 1 | _aRUTKOWSKA, Barbara. | |
| 020 | _a8300030859 | ||
| 040 | _cBPK | ||
| 041 | 0 | _apl | |
| 080 | _a633.2(075.8) | ||
| 920 | _a83-00-03085-9 | ||
| 942 | _cKS | ||
| 008 | s pl f |000 0 pol | ||
| 999 |
_c34461 _d34461 |
||
| 856 |
_uhttp://koha.tu.koszalin.pl/cgi-bin/koha/opac-detail.pl?biblionumber=34461 _yKatalog online BPK |
||